| 000 | 00600nam a2200253Ia 4500 | ||
|---|---|---|---|
| 003 | 542 | ||
| 005 | 20171206095446.0 | ||
| 008 | 170918s9999 xx 000 0 und d | ||
| 020 | _a9780531177761 | ||
| 050 | _bB857 2007 | ||
| 100 | _aBrimner, Larry Dane | ||
| 245 | _aSlower than a slug / | ||
| 245 | _bSlower that a slug / | ||
| 245 | _cLarry Dane Brimner. | ||
| 260 | _aNew York : | ||
| 260 | _bScholastic, | ||
| 260 | _c2007 | ||
| 300 | _a31 pages : | ||
| 300 | _bcolored illustration ; | ||
| 300 | _c18cm. | ||
| 440 | _aA rookie reader. | ||
| 500 | _a210 | ||
| 942 |
_2lcc _cLEX |
||
| 999 |
_c341111 _d341111 |
||